An Integrative Terror Management Theory Perspective on Media Effects: A Model and 12 Hypotheses for Research (Record no. 299984)
[ view plain ]
| 000 -LEADER | |
|---|---|
| fixed length control field | 00485nam a2200133Ia 4500 |
| 008 - FIXED-LENGTH DATA ELEMENTS--GENERAL INFORMATION | |
| fixed length control field | 160809s9999 xx 000 0 und d |
| 100 ## - MAIN ENTRY--PERSONAL NAME | |
| Personal name | Perloff, Richard M. |
| 245 #3 - TITLE STATEMENT | |
| Title | An Integrative Terror Management Theory Perspective on Media Effects: A Model and 12 Hypotheses for Research |
| 245 ## - TITLE STATEMENT | |
| Statement of responsibility, etc | Richard M. Perloff. |
| 260 ## - PUBLICATION, DISTRIBUTION, ETC. (IMPRINT) | |
| Name of publisher, distributor, etc | Studies in Media and Communication |
| 260 ## - PUBLICATION, DISTRIBUTION, ETC. (IMPRINT) | |
| Date of publication, distribution, etc | June 2016 |
| 650 ## - SUBJECT ADDED ENTRY--TOPICAL TERM | |
| General subdivision | COMMUNICATION |
| 856 ## - ELECTRONIC LOCATION AND ACCESS | |
| Uniform Resource Identifier | <a href="http://redfame.com/journal/index.php/smc/issue/view/60">http://redfame.com/journal/index.php/smc/issue/view/60</a> |
| Withdrawn status | Lost status | Damaged status | Home library | Current library | Date acquired | Total Checkouts | Date last seen | Price effective from | Koha item type |
|---|---|---|---|---|---|---|---|---|---|
| College Library | College Library | 08/09/2016 | 08/09/2016 | 08/09/2016 | Foreign e-journal articles |